000 02127nam0a2200349 4500
001 RU\NLR\bibl\1122386
005 20260407163712.0
021 _aRU
_b2007-48445
_92570
035 _a(NLR Aleph) 001109351
090 _a1228213
_c1228213
100 _a20070830d2006 u y0rusy50 ca
101 0 _arus
102 _aRU
105 _ay |||||||||
200 1 _aРусская Православная Церковь в мировой и отечественной истории
_eматериалы Всероссийской научно-практической конференции, 17-19 мая 2006 г.
_fНижегород. епархия Рус. Православ. Церкви [и др.
_gредкол.: к.ист.н., доц. Р.В. Кауркин (отв. ред.) и др.]
210 _aНижний Новгород
_cНижегородский государственный педагогический университет
_d2006
215 _a441 с.
_d20
300 _aВ надзаг. также: Центр истории и церкви в России Ин-та рос. истории РАН, Нижегород. гос. пед. ун-т, Нижегород. гос. ун-т им. Н.И. Лобачевского
320 _aБиблиогр. в подстроч. примеч.
601 0 2 _aРусская православная церковь
_jСъезды, совещания и т.п.
_9945315
_3RU\NLR\auth\6631882
686 _aЭ372.24,0
702 1 _aКауркин
_bР. В.
_gРадислав Вячеславович
_4340
711 1 2 _a"Русская православная церковь в мировой и отечественной истории", всероссийская научно-практическая конференция
_f2006
_eНижний Новгород
_3RU\NLR\AUTH\8810102595
_9705810
801 0 _aRU
_bNLR
_c20070830
_gRCR
801 1 _aRU
_bNLR
_c20070830
942 _cBOOK
980 _aNB
980 _aNBR